00466nam a2200145 a 450000100100000000500170001000800410002702000150006804000250008308200140010824500760012226000660019830000330026470000230029700004098020201002034526.0130912s1997 xxua 000 0 eng d a0877797080 aDO-SdBNPbengcBNPHU axxxbxxxx00aMerriam-Webster's Collegiate Dictionary. /cpreface, Frederick C. Mish. aSpringfiel, Massachusetts, U.S.A., :bMerriam-Webster,c1997. a38a, 1559 p :bil. ;c24 cm.1 aMish, Frederick C.